Nadobúdanie vlastníctva k poľnohospodárskej pôde

Saved in:
Bibliographic Details
Main Author: Toman, Juraj (Author)
Other Authors: Hudecová, Ľubica (Thesis advisor)
Format: Manuscript Book
Language:Slovak
Published: 2019
Subjects:
Online Access:http://is.stuba.sk/zp/portal_zp.pl?podrobnosti=137065
https://opac.crzp.sk/?fn=detailBiblioForm&sid=72994EA9AD52E4DE4F9E4B064587
Tags: Add Tag
No Tags, Be the first to tag this record!

MARC

LEADER 00000ntm a22000003a 4500
001 stuzp73521
003 SK-STU
005 20230609140340.0
007 ta
008 150427s2015----xo-----f-mn---000-0-slo-d
040 |a STU  |b slo 
041 0 |a slo 
100 1 |a Toman, Juraj  |u 010140  |4 aut  |U SvF Stavebná fakulta  |T SvF Katedra geodézie  |X 87616  |U V140  |Y 14  |7 87616 
242 0 1 |a The acquisition of ownership of agricultural land  |y eng 
245 1 0 |a Nadobúdanie vlastníctva k poľnohospodárskej pôde 
260 |c 2019 
650 4 |a Slovenský pozemkový fond  |2 slo 
650 4 |a poľnohospodárska pôda  |2 slo 
650 4 |a vlastnícke právo  |2 slo 
650 4 |a nadobúdanie vlastníckeho práva prechodom a prevodom  |2 slo 
650 4 |a Slovak Land Fund  |2 eng 
650 4 |a agricultural land  |2 eng 
650 4 |a property rights  |2 eng 
650 4 |a acquisition of property rights by transition and transfer  |2 eng 
700 1 |a Hudecová, Ľubica  |u 010140  |k Z1  |4 ths  |U SvF Stavebná fakulta  |T SvF Katedra geodézie  |X 1662  |U V140  |Y 14  |7 A000001662 
856 4 |u http://is.stuba.sk/zp/portal_zp.pl?podrobnosti=137065 
856 4 |u https://opac.crzp.sk/?fn=detailBiblioForm&sid=72994EA9AD52E4DE4F9E4B064587